Countries with cities bigger than their capital - Statistics

General Stats
  • This quiz has been taken 59 times
    30 since last reset
  • The average score is 30 of 36
Answer Stats
Capital City Largest City Country % Correct
Canberra Sydney Australia
100%
Brussels Antwerp Belgium
100%
Brasília São Paulo Brazil
100%
Ottawa Toronto Canada
100%
Belmopan Belize City Belize
96%
Beijing Shanghai China
96%
New Delhi Mumbai India
96%
Jerusalem Tel Aviv Israel
96%
Abu Dhabi Dubai United Arab Emirates
96%
Wellington Auckland New Zealand
93%
Cape Town/Pretoria/Bloemfontein Johannesburg South Africa
93%
Washington, D.C. New York United States
93%
Quito Guayaquil Ecuador
89%
Abuja Lagos Nigeria
89%
Ankara Istanbul Turkey
89%
Hanoi Ho Chi Minh City Vietnam
89%
Sucre Santa Cruz de la Sierra Bolivia
86%
Rabat Casablanca Morocco
86%
Islamabad Karachi Pakistan
86%
Bern Zürich Switzerland
86%
Dodoma Dar es Salaam Tanzania
86%
Astana Almaty Kazakhstan
82%
Valletta St. Paul's Bay Malta
82%
Manila Quezon City Philippines
82%
San Marino Serravalle San Marino
82%
Taipei New Taipei Taiwan
82%
Naypyidaw Yangon Myanmar
79%
Yaoundé Douala Cameroon
75%
Vaduz Schaan Liechtenstein
75%
Yamoussoukro Abidjan Ivory Coast
71%
Porto Novo Cotonou Benin
64%
Gitega Bujumbura Burundi
64%
Port of Spain Chaguanas Trinidad and Tobago
64%
Ngerulmud Koror Palau
57%
Banjul Serrekunda Gambia
54%
Palikir Weno Micronesia
50%
No matching quizzes found
Score Distribution
Percent of People with Each Score
Percentile by Number Answered
Your Score History
You have not taken this quiz since the last reset